Statistiques concernant D'où viennent ces personnages inventés?

Cliquez ici pour prendre le quiz!

Statistiques générales

  • Ce quiz a été pris 91 fois
  • Le résultat moyen est 11 sur 16

Statistiques - réponses

IndiceVille% Correct
Franck Ophone, canadien, est né pendant les J.O. de cette villeMontréal
87%
Rita Lee vit dans la capitaleRome
86%
Jean Saint-Pierre vit en Russie Saint-Pétersbourg
85%
Kate Allan travaille dans une ville commençant par BBarcelone
84%
Amel Bourne y vit depuis des annéesMelbourne
80%
Richard Leroy vit en BelgiqueCharleroi
74%
Joshua Nuveledo vit au JaponTokyo
74%
Lily Noix vient de la plus grande villeChicago
72%
Paul Lonez est né dans la seconde ville du paysCracovie
70%
Al Bany est né dans la CapitaleTirana
67%
Dan Mark vient de la capitale au-delà de la frontièreBerlin
63%
Séraphin Durin est un français vivant aux Pays-BasRotterdam
57%
Finn Easter n'a plus que son papa Quimper
55%
Arnaud Piedes travaille à la tourPise
49%
Laure Hégon travaille pour l'équipe de NBA de la villePortland
42%
Mae Kong vit sur la plus grande ville sur le fleuvePhnom Penh
23%

Distribution des résultats

Percentile par nombre de réponses

% des personnes avec chaque résultat

Votre développement - résultats

Vous n’avez pas pris ce quiz